00514cam a22001934a 45000010009000000050017000090080041000260100017000670200028000840400018001120410008001300420008001380800015001460820019001611000006001801010008001862450062001945040064002561316338720180131040203.0030415s2003 kyua b 001 0 eng  a 2003008808 a0813122856 (alk. paper) aDLCcDLCdDLC aeng apcc a338.1 nor00a338.1 nor221 a9 amje04aThe essential agrarian reader :cedited by Norman Wirzba. aIncludes bibliographical references (p. 267-269) and index.